000 00702cam a22002293a 4500
001 390
003 PGUSA
005 20140828082947.0
008 960101s1996||||xxu|||||s|||||000 p eng d
040 _aPGUSA
_beng
042 _adc
050 4 _aPL
100 1 _aCranmer-Byng, L.
_q(Launcelot),
_d1872-1945
245 1 2 _aA Lute of Jade :
_bSelections from the Classical Poets of China
_h[electronic resource] /
_cL. Cranmer-Byng
260 _bProject Gutenberg,
_c1996
506 _aPublic domain in the USA.
516 _aElectronic text
653 _aChinese poetry -- Translations into English
830 0 _aProject Gutenberg
_v390
856 4 0 _uhttp://www.gutenberg.org/ebooks/390
942 _cEB
999 _c229741
_d229741